Leistungsverzeichnis Asset Management in Deutschland (Record no. 121670)

MARC details
000 -LEADER
fixed length control field 01173nam a22002657a 4500
008 - FIXED-LENGTH DATA ELEMENTS--GENERAL INFORMATION
fixed length control field 230921s2015 gw |||||o|||| 00| 0 ger d
041 ## - LANGUAGE CODE
Language code of text/sound track or separate title ger
110 ## - MAIN ENTRY--CORPORATE NAME
Corporate author Royal Institution of Chartered Surveyors
245 ## - TITLE STATEMENT
Title Leistungsverzeichnis Asset Management in Deutschland
Medium [Electronic resource]
250 ## - EDITION
Edition statement 2nd
260 ## - PUBLICATION INFORMATION
Place of publication London,
Publisher Royal Institution of Chartered Surveyors,
Date Juni 2015
300 ## - PHYSICAL DESCRIPTION
Physical description 76p.
490 ## - SERIES TITLE
Series statement RICS Leitfaden
490 ## - SERIES TITLE
Series statement RICS Guidance
500 ## - GENERAL NOTE
General note This is the German language version. There is also an English language version
520 ## - ABSTRACT
Abstract Asset Management Leistungen; Strategie; Ankaufprofil; Finanzierung; Das Basismodul; Dokumentenmanagement und Datensicherheit; Risikomanagement und Compliance; Auswahl und Steuerung von<br/>Dienstleistern; Gesellschaftsmanagement
650 ## - KEYWORDS
Keywords ASSET MANAGEMENT
650 ## - KEYWORDS
Keywords RISK MANAGEMENT
650 ## - KEYWORDS
Keywords RISIKOMANAGEMENT
651 ## - SUBJECT ADDED ENTRY--GEOGRAPHIC NAME
Geographic name Germany
690 ## - BROAD SUBJECT
9 (RLIN) 6254
Broad subject Machinery and assets
710 ## - ADDED CORPORATE NAME
Added corporate author Royal Institution of Chartered Surveyors
856 ## - ONLINE RESOURCE
Uniform Resource Identifier <a href="https://www.rics.org/profession-standards/knowledge-and-information-services">https://www.rics.org/profession-standards/knowledge-and-information-services</a>
Public note Please email [email protected] for a copy
942 ## - ADDED ENTRY ELEMENTS (KOHA)
Suppress in OPAC Do not suppress in OPAC
Holdings
Lost status Damaged status Not for loan Current library Shelving location Date acquired Total Checkouts Full call number Date last seen Price effective from Koha item type Public note
      Virtual Online 21/09/2023   SCAN 21/09/2023 21/09/2023 Online material Please contact [email protected] to request a digital copy